| 000 | 01848nam a2200277Ia 4500 | ||
|---|---|---|---|
| 003 | OSt | ||
| 005 | 20210802141948.0 | ||
| 008 | 210310s1991 ck ad fr 000 0dspa d | ||
| 020 | _a9580414807 | ||
| 040 |
_aCO-JMCR _cCO-JMCR |
||
| 041 | 1 |
_aspa _heng |
|
| 082 | 0 | 4 |
_a332.456 / _bK943i _223 |
| 100 | 1 |
_aKrugman, Paul R., _9825 _eautor |
|
| 245 | 1 | 0 |
_aInestabilidad de la tasa de cambio / _cPaul R. Krugman ; traducción de Álvaro Zerda |
| 260 |
_aBogotá : _bNorma, _c1991 |
||
| 300 |
_a102 páginas : _bilustraciones y gráficas a blanco y negro ; _c23 cm. |
||
| 500 | _aTítulo original: Exchange-Rate Instability Incluye datos biográficos del autor. | ||
| 504 | _aBibliografía: páginas 101-102 | ||
| 505 | 0 | _aCondiciones para la flexibilidad de la tasa de cambio -- Desconexión entre la tasa de cambio y la realidad -- Mercados financieros y el sistema monetario internacional | |
| 520 | 3 | _aContra la opinión generalizada según la que el mundo actual presencia una progresiva integración perfecta de los mercados internacionales, Paul R. Krugman afirma que la situación es opuesta. Los mercados internacionales estaban mucho mejor integrados a comienzos de siglo. En torno a este planteamiento Krugman pone sobre el tapete las opciones para abordar el problema: tasas de cambio fijas o tasas de cambio flotantes. ¿Puede el mercado regular las tasas de cambio de manera confiable? ¿Resulta más adecuado controlar y establecer tasas de cambio fijas? ¿Existe una opción intermedia? Krugman abre la discusión con claridad y lucidez, ofreciendo un campo de reflexión más amplio para detectar el problema y buscar soluciones. | |
| 546 | _aTraducido del inglés. | ||
| 650 | 1 | 4 |
_aTasa de cambio _916669 |
| 650 | 2 | 4 |
_aSistema monetario internacional _96486 |
| 700 | 1 |
_aZerda, Álvaro, _etraductor _938983 |
|
| 942 |
_2ddc _cBK |
||
| 999 |
_c8221 _d8221 |
||